| 000 | 00999 am a2200325 a 4500 | ||
|---|---|---|---|
| 005 | 20240510121023.0 | ||
| 008 | 100901s1994||||ag a f |||| 001 0 spa d | ||
| 020 | _a9505051786 | ||
| 041 | _aspa | ||
| 092 |
_c616.5 _l55 _sNEG |
||
| 100 | 1 |
_aNegroni, Pablo. _91386 |
|
| 245 |
_aMicosis cutáneas y viscerales / _cPablo Negroni |
||
| 250 | _a9a ed. 2a reimp. | ||
| 260 |
_aBuenos Aires: _bLópez Libreros; _c1994. |
||
| 300 | _a240 p. | ||
| 500 | _aNegroni, P. y Negroni, R. (1994). Micosis cutáneas y viscerales. (9a ed.). Buenos Aires : López Libreros. | ||
| 653 | _aMicología | ||
| 653 | _aMicosis superficiales | ||
| 653 | _aMicosis profundas | ||
| 653 | _aApéndice A: glosario | ||
| 653 | _aApéndice B: medios de cultivo | ||
| 653 | _aApéndice C: soluciones y reactivos | ||
| 653 | _aApéndice D: coloraciones | ||
| 653 | _aApéndice E: inmunodifusión | ||
| 700 | 1 |
_aNegroni, Ricardo. _91387 |
|
| 930 | _a790 | ||
| 930 | _a791 | ||
| 930 | _a792 | ||
| 942 |
_2ddc _cBK |
||
| 999 |
_c656 _d656 |
||